| 000 | 00577nam a22001457a 4500 | ||
|---|---|---|---|
| 020 | _a978-81-264-2341-5 | ||
| 082 |
_a823 _bNAR/M |
||
| 100 | _aNARAYAN, R.K | ||
| 245 | _aMALGUDI DAYS | ||
| 260 |
_aKOTTAYAM _bDC BOOKS _c2014 |
||
| 300 | _a274 | ||
| 520 | _aBased on the writings of R.K. Narayan, Malgudi Days explores the lives of those who reside in the fictional town of Malgudi. Malgudi, a made-up small town in southern India, is populated by timeless people who may reside anywhere in the world, just like any other small town or village. | ||
| 650 | _aNOVEL | ||
| 942 | _cBK | ||
| 999 |
_c5121 _d5121 |
||